000 00509nam a2200145Ia 4500
008 140724s9999 xx 000 0 und d
050 _aLC 3981
_b.M267 2013
100 _aManay, Mack Yzekiel I.
245 _aCase study on the effects of ten-day camp to students with mental retardation /
_cMack Yzekiel I. Manay.
260 _aLas PiƱas, Philippines :
_bSouthville International School and Colleges,
_cc2013.
300 _a94 p. :
_c28 cm.
521 _aSpecial Education
942 _cTH
999 _c229132
_d229132